000 00958nam a22002417a 4500
999 _c10595
_d10595
003 AR-CdUCM
008 190401b ||||| |||| 00| 0 spa d
020 _a84-300-3940-6
040 _aMUNICIPALIDAD PROVINCIAL DEL CUSCO
_cBIBLIOTECA MUNICIPAL DEL CUSCO
082 _a860 /
_bM621L
100 _aMicharvegas, Martín
_927549
245 _aLa palabra es un hecho:
_bSelección de poemas y letras de canciones 1960.1975 /
260 _aMadrid :
_bProletras Latinoamericanas,
_c1980.
300 _a127 páginas ;
_c20 cm.
500 _aDonación de la familia Nieto. Dedicatoria a Luis Nieto.
505 _aContenido: Por el puente de la palabra / poemas / 1960.1963 -- Las horas libres / selección de textos / 1963.1965 -- La canción de estos días / poemas / 1968.1971 ...
650 _aLiteratura latinoamericana
_91143
650 _apoemas
_916605
650 _aSiglo XX
_98
650 _aCanciones
_914568
942 _2ddc
_cLIBROS
945 _acmm